000 00841nam a2200217Ii 4500
003 JO-AjNU
008 230605s9999||||xx |||||||||||||| ||und||
017 _a1998/10/1809
040 _aJO-AjNU
_bara
_erda
_cJO-AjNU
041 _aara
050 1 4 _aBP154 2001
100 3 _aالحريري، إبراهيم محمد محمود,
_eauthor
_931462
245 0 0 _aالمدخل إلى القواعد الكلية: تعريفها - نشأتها - تطورها - شرعيتها - تصنيفها - وقواعد أصولية لها صلة بها
250 _aط2
264 3 1 _aعمان: دار عمار للنشر، 2001
300 _a237ص
336 _atext
_btxt
_2rdacontent
337 _aunmediated
_bn
_2rdamedia
338 _avolume
_bnc
_2rdacarrier
650 4 _aالدين الاسلامي - اصول الدين الاسلامي
_931463
999 _aA12587
_c16155
_d16155